Formula 1 - Groups of... #1 - Statistics

General Stats
  • This quiz has been taken 78 times
    67 since last reset
  • The average score is 28 of 36
Answer Stats
3-time world champions % Correct
Max Verstappen (17y 05m)
98%
Michael Schumacher (91)
97%
Ralf Schumacher (6)
97%
1
95%
3
95%
5
93%
Mercedes (223)
93%
Sebastian Vettel (53)
93%
2
92%
44
92%
Ayrton Senna
92%
Ferrari (249)
92%
Sebastian Vettel (19y 11m)
92%
Honda (89)
90%
6
88%
Singapore (Marina Bay)
85%
United Arab Emirates (Abu Dhabi)
85%
USA (Las Vegas)
85%
Bahrain (Sakhir)
83%
Renault (169)
83%
Qatar (Lusail)
81%
Saudi Arabia (Jeddah)
81%
Niki Lauda
80%
Jackie Stewart
78%
Nico Rosberg (23)
75%
Nelson Piquet
73%
Andrea Kimi Antonelli (18y 06m)
71%
Jack Brabham
66%
Ford Cosworth (176)
63%
Lando Norris (19y 04m)
63%
Lance Stroll (18y 07m)
61%
Oliver Bearman (18y 10m)
54%
Heinz-Harald Frentzen (3)
49%
Jochen Mass (1)
41%
Wolfgang von Trips (2)
37%
Daniil Kvyat (19y 10m)
19%
No matching quizzes found
Score Distribution
Percent of People with Each Score
Percentile by Number Answered
Your Score History
You have not taken this quiz since the last reset